00547nam a2200169 b 4500003000500000005001700005008004100022020001800063040000900081082001500090100002900105245004400134260003300178300003000211501012400241650001200365322820231108112857.0210816s9999 xx 000 0 und d a9780620444408 c3228 a158.1 BHEN aDr Lungile Bhengu-Baloyi 0aThe African midwife: Change Beyond Form aDurban,KZNbThe Authorc2009 a[ xv,302 pages ] ;c20 cm aDr Lungile Bhengu-Baloyi To unleash creative human potential for the development of every person into the whole person. aMidwife